000 00743cam a22002052 4500
001 0000023428
005 20151217161557.0
008 121127s xx 000 0 eng d
040 _aKABU
_cKABU
100 1 _aChelagat, Robert Kiprop.
_@0000182810
245 1 0 _aAnalysis of the factors influncing resource mobilization :
_ba case study of private Universities with Nakuru town /
_cRobert Kiprop Chelagat.
260 _aNakuru :
_bKabarak University,
_c2012.
300 _axiii, 70 leaves.
502 _aThesis (MBA) - Kabarak University, 2012.
650 0 _aFund raising.
_@0000182811
650 0 _aResource mobilization.
_@0000182812
908 _a121127
950 _@1
999 _c15367
_d15367